[Event "Ch Greece (juniors) (under 16) (g)"]
[Site "masterchessopen.com Ermioni (Greece)"]
[Round "7"]
[White "Valsamidou Dimitra (GRE)"]
[Black "Tsarouha Menexenia (GRE)"]
[Result "1-0"]
[WhiteElo "1821"]
[BlackElo "1774"]

1.e4 c5 2.Nf3 d6 3.d4 cxd4 4.Nxd4 Nf6 5.f3 e5 6.Bb5+ Nbd7 7.Nf5 d5 8.exd5 a6
9.Ba4 b5 10.Bb3 Nb6 11.Ne3 Bc5 12.Nc3 b4 13.Ne4 Bb7 14.Nxc5 Bxd5 15.Nxd5 Nfxd5
16.Ne4 O-O 17.O-O Kh8 18.Re1 Ra7 19.Qe2 a5 20.Bxd5 Nxd5 21.Be3 Nxe3 22.Qxe3
Rc7 23.Rad1 Qc8 24.Nd6 Qe6 25.Qxe5 Qxe5 26.Rxe5 Rxc2 27.Rxa5 Rxb2 28.Nxf7+ Kg8
29.Ng5 b3 30.axb3 Rxb3 31.Ra7 Rb5 32.Ne6 {#r} 1-0

[Event "Bayern Oberliga 2005/06"]
[Site "masterchessopen.com Bayern (Germany)"]
[Date "2006.01.15"]
[Round "5"]
[White "Heimrath Wolfgang (GER)"]
[Black "Scheckenbach Franz (GER)"]
[Result "0-1"]
[WhiteElo "2137"]
[BlackElo "2187"]

1.e4 c5 2.Nf3 d6 3.d4 cxd4 4.Nxd4 Nf6 5.f3 e5 6.Bb5+ Nbd7 7.Nf5 d5 8.exd5 a6
9.Bxd7+ Bxd7 10.Ne3 Bc5 11.c4 O-O 12.O-O b5 13.Nc3 Nh5 14.Ne4 Bd4 15.g4 f5
16.gxf5 Bxf5 17.Nf2 Bg6 18.cxb5 axb5 19.Kg2 Nf4+ 20.Kh1 Bh5 21.Nc2 Qxd5
22.Nxd4 exd4 23.Ne4 Ng6 24.Nd2 Ne5 25.Qb3 Nc4 26.Kg1 Kh8 27.f4 Be2 28.Rf2 d3
29.Qb4 Rf6 30.Nf1 Bxf1 {#R} 0-1

[Event "It (open)"]
[Site "masterchessopen.com Bizovac (Croatia)"]
[Date "2006.02.23"]
[Round "2"]
[White "Leventic Ivan (CRO)"]
[Black "Markovic Dragan (SRB)"]
[Result "1-0"]
[WhiteElo "2484"]
[BlackElo "2053"]

1.e4 c5 2.Nf3 d6 3.d4 cxd4 4.Nxd4 Nf6 5.f3 e5 6.Bb5+ Bd7 7.Bxd7+ Qxd7 8.Nf5 d5
9.Bg5 dxe4 10.Bxf6 Qxd1+ 11.Kxd1 gxf6 12.fxe4 Nc6 13.c3 Rg8 14.g3 O-O-O+
15.Ke2 Rg4 16.Nd2 Ne7 17.Nxe7+ Bxe7 18.Rad1 h5 19.Rhg1 Rdg8 20.Kf3 h4 21.Rg2
hxg3 22.hxg3 R4g7 23.Nf1 Rd8 24.Rxd8+ Bxd8 25.Rh2 Kd7 26.Rd2+ Ke8 27.Ne3 Rh7
28.Kg2 Bc7 29.Nf5 Rh8 30.Rd5 Rh7 31.b4 Rh8 32.c4 Rg8 33.c5 Rg4 34.Kf3 Rg5
35.b5 Rg8 36.c6 bxc6 37.bxc6 Rh8 38.Rd7 Bb6 39.Nd6+ Kf8 40.Rxf7+ Kg8 41.c7
{#r} 1-0

[Event "It (open)"]
[Site "masterchessopen.com Angers (France)"]
[Date "2006.05.07"]
[Round "3"]
[White "Pailhe Lionel (FRA)"]
[Black "Starostits Ilmars (LAT)"]
[Result "0-1"]
[WhiteElo "2031"]
[BlackElo "2466"]

1.e4 c5 2.Nf3 d6 3.d4 cxd4 4.Nxd4 Nf6 5.f3 e5 6.Bb5+ Nbd7 7.Nf5 a6 8.Bxd7+
Qxd7 9.Ne3 Qc6 10.Nc3 Be6 11.O-O Rc8 12.Ned5 Bxd5 13.exd5 Qc5+ 14.Kh1 Be7
15.Qd3 b5 16.Be3 Qc4 17.Qxc4 Rxc4 18.a3 Kd7 19.Rf2 Rhc8 20.Rd1 h6 21.Re2 Bd8
22.Rd3 Ba5 23.Bd2 Rd4 24.Rxd4 exd4 25.Ne4 Rxc2 26.b4 Nxe4 27.fxe4 d3 28.Re1
Rxd2 29.bxa5 Re2 {#R} 0-1

[Event "It (open) (b)"]
[Site "masterchessopen.com Balatonlelle (Hungary)"]
[Date "2006.06.18"]
[Round "2"]
[White "Bednay Bence (HUN)"]
[Black "Firnigel Janos (HUN)"]
[Result "1-0"]
[WhiteElo "2275"]
[BlackElo "1988"]

1.e4 c5 2.Nf3 d6 3.d4 cxd4 4.Nxd4 Nf6 5.f3 e5 6.Bb5+ Nbd7 7.Nf5 a6 8.Ba4 d5
9.exd5 b5 10.Bb3 Nb6 11.Ne3 Bc5 12.Nc3 Bb7 13.Qd3 O-O 14.Bd2 Bxe3 15.Bxe3
Nbxd5 16.O-O Nxc3 17.Qxc3 Re8 18.Rad1 Qc8 19.Qxc8 Raxc8 20.Rd6 Kf8 21.Bg5 Ke7
22.Rb6 Rc7 23.Re1 Kf8 24.Bxf6 gxf6 25.Rxf6 Kg7 26.Rd6 b4 27.Rb6 a5 28.Rb5 e4
29.Rxa5 e3 30.Rb5 Rd7 31.Rxb4 Bc6 32.Rb6 Rd6 33.Rxc6 Rxc6 34.Ba4 Rce6 35.Bxe8
Rxe8 36.g3 f5 37.f4 {#r} 1-0

[Event "It (cat.2)"]
[Site "masterchessopen.com Villa Martelli (Argentina)"]
[Date "2006.08.02"]
[Round "10"]
[White "Paglilla Carlos (ARG)"]
[Black "Gattas Allan (BRA)"]
[Result "1-0"]
[WhiteElo "2367"]
[BlackElo "2218"]

1.e4 c5 2.Nf3 d6 3.d4 cxd4 4.Nxd4 Nf6 5.f3 e5 6.Bb5+ Bd7 7.Bxd7+ Qxd7 8.Nf5 d5
9.Bg5 dxe4 10.Bxf6 gxf6 11.fxe4 Qxd1+ 12.Kxd1 Na6 13.Nc3 O-O-O+ 14.Ke2 Nb4
15.Rac1 Rg8 16.g3 Re8 17.Rhd1 Re6 18.Rd2 Nc6 19.Nd5 Ne7 20.Ndxe7+ Bxe7 21.Rcd1
Rf8 22.Rd5 a6 23.R1d3 Re8 24.Ng7 Rd8 25.Rxd8+ Bxd8 26.Nxe6 fxe6 27.a4 {#r} 1-0

[Event "Ch Pan-American (juniors) (under 20)"]
[Site "masterchessopen.com Bogota (Colombia)"]
[Date "2006.09.04"]
[Round "3"]
[White "Hungaski Robert Andrew (USA)"]
[Black "Guerrero Juan Carlos (COL)"]
[Result "1-0"]
[WhiteElo "2366"]
[BlackElo "2073"]

1.e4 c5 2.Nf3 d6 3.d4 cxd4 4.Nxd4 Nf6 5.f3 e5 6.Bb5+ Bd7 7.Bxd7+ Qxd7 8.Nf5 d5
9.Bg5 dxe4 10.Bxf6 Qxd1+ 11.Kxd1 gxf6 12.fxe4 Nc6 13.c3 Rg8 14.g3 Rd8+ 15.Nd2
Ne7 16.Kc2 Nxf5 17.exf5 Rg4 18.Rhe1 Ra4 19.Ne4 Be7 20.a3 b5 21.Rad1 Rxd1
22.Kxd1 a5 23.Kc2 Rc4 24.b3 Rc6 25.Ra1 a4 26.b4 Kd7 27.Kd3 Rc4 28.h3 Rc8
29.Rc1 Kc6 30.c4 Kb6 31.Nc3 bxc4+ 32.Ke4 Kb7 33.Rd1 Kc6 34.b5+ Kb7 35.Rd7+ Rc7
36.Rxc7+ Kxc7 37.Kd5 Bxa3 38.Nxa4 e4 39.Kxc4 Bd6 40.Nc3 Bxg3 41.Nxe4 Be5
42.Kc5 Kd7 43.b6 Bh2 44.Kd5 Ke7 45.Kc6 Be5 46.Nc5 h5 47.Na6 h4 48.b7 {#r} 1-0

[Event "Ch Europe (juniors) (under 12)"]
[Site "masterchessopen.com Herceg Novi (Montenegro)"]
[Date "2006.09.12"]
[Round "3"]
[White "Sochacki Christophe (FRA)"]
[Black "Vazquez Torres Adrian (ESP)"]
[Result "1-0"]
[WhiteElo "2036"]
[BlackElo "1662"]

1.e4 c5 2.Nf3 d6 3.d4 cxd4 4.Nxd4 Nf6 5.f3 e5 6.Bb5+ Bd7 7.Bxd7+ Qxd7 8.Nf5 d5
9.Nc3 d4 10.Ne2 Nc6 11.O-O O-O-O 12.Bg5 h6 13.Bxf6 gxf6 14.Qe1 Bc5 15.Kh1 Nb4
16.Qd2 d3 17.cxd3 Qxd3 18.Qc1 Nc2 19.Neg3 Kb8 20.Rb1 Be3 21.Nxe3 Nxe3 22.Re1
Nc4 23.b3 Nd2 24.Rb2 Rd7 25.Rc2 Rhd8 26.h3 h5 27.Kh2 Qd4 28.Re2 Qb4 29.a3
Nxf3+ 30.gxf3 Qxb3 31.Re3 Qb5 32.Rec3 a5 33.Rc8+ Ka7 34.Rxd8 Rxd8 35.Rb2 Qd7
36.Nf5 Rc8 37.Qe1 Qa4 38.Qf2+ Ka8 39.Nd6 Rc7 40.Nb5 {#r} 1-0

[Event "It (open)"]
[Site "masterchessopen.com Zielona Gora (Poland)"]
[Date "2006.09.27"]
[Round "6"]
[White "Bielinski Dariusz (POL)"]
[Black "Sondermann Johannes (GER)"]
[Result "0-1"]
[WhiteElo "2241"]
[BlackElo "2152"]

1.e4 c5 2.Nf3 d6 3.d4 cxd4 4.Nxd4 Nf6 5.f3 e5 6.Bb5+ Bd7 7.Bxd7+ Qxd7 8.Nf5 d5
9.Bg5 dxe4 10.Bxf6 Qxd1+ 11.Kxd1 gxf6 12.fxe4 Nc6 13.c3 Rd8+ 14.Nd2 Ne7
15.Nxe7 Kxe7 16.Kc2 Rg8 17.g3 Ke6 18.Rhf1 Rg4 19.Rae1 h5 20.Nf3 Bh6 21.Re2 Bg5
22.b4 h4 23.Rg1 Rg8 24.gxh4 Rxg1 25.Nxg1 Bxh4 26.Nf3 Rg4 27.c4 Rf4 28.Nd2 f5
29.c5 fxe4 30.Rxe4 Rxe4 31.Nxe4 Be7 32.Kd3 f5 33.Ng3 e4+ 34.Kc4 Ke5 35.b5 f4
36.c6 bxc6 37.bxc6 fxg3 38.c7 g2 39.c8=Q g1=Q {#R} 0-1

[Event "It \"]
[Site "masterchessopen.com Ecuador"]
[Date "2006.11.11"]
[Round "2"]
[White "Pazos Gambarrotti Plinio (ECU)"]
[Black "Macias Murillo Bryan (ECU)"]
[Result "1-0"]
[WhiteElo "2378"]
[BlackElo "2216"]

1.e4 c5 2.Nf3 d6 3.d4 cxd4 4.Nxd4 Nf6 5.f3 e5 6.Bb5+ Nbd7 7.Nf5 a6 8.Bxd7+
Qxd7 9.Bg5 d5 10.Nc3 dxe4 11.Bxf6 Qxd1+ 12.Rxd1 Bxf5 13.Nd5 Bd6 14.fxe4 Bg4
15.Rd3 Rg8 16.Bh4 Rc8 17.Ne3 Be7 18.Bxe7 Kxe7 19.Nxg4 Rxc2 20.O-O Rxb2 21.Rfd1
Rc8 22.Ne3 Rxa2 23.Nf5+ Kf6 24.h4 Re8 25.Rf1 Re6 26.Nd4+ Ke7 27.Nxe6 Kxe6
28.Rfd1 b5 29.Rd7 Ra1 30.Rxa1 {#r} 1-0

[Event "Ch Region (open)"]
[Site "masterchessopen.com Astrakhan (Russia)"]
[Date "2007.02.10"]
[Round "3"]
[White "Andreev Aleksandr (RUS)"]
[Black "Dusenov Ruslan (RUS)"]
[Result "0-1"]
[WhiteElo "2182"]
[BlackElo "2293"]

1.e4 c5 2.Nf3 d6 3.d4 cxd4 4.Nxd4 Nf6 5.f3 e5 6.Bb5+ Bd7 7.Bxd7+ Qxd7 8.Nb3
Be7 9.c4 O-O 10.Be3 Rc8 11.Qe2 b5 12.cxb5 d5 13.exd5 Nxd5 14.Bd2 a6 15.bxa6
Bh4+ 16.g3 Nf4 17.Bxf4 exf4 18.Kf2 Rxa6 19.gxh4 Re8 20.Qd2 Rd6 21.Qb4 Nc6
22.Nc5 Nxb4 23.Nxd7 Nd3+ 24.Kg2 Rg6+ {#R} 0-1

[Event "It (cat.3)"]
[Site "masterchessopen.com Nancy (France)"]
[Date "2007.02.22"]
[Round "5"]
[White "Delorme Alban (FRA)"]
[Black "Pucher Sebastien (FRA)"]
[Result "0-1"]
[WhiteElo "2245"]
[BlackElo "2244"]

1.e4 c5 2.Nf3 d6 3.d4 cxd4 4.Nxd4 Nf6 5.f3 e5 6.Bb5+ Nbd7 7.Nf5 d5 8.exd5 a6
9.Ba4 b5 10.Bb3 Nc5 11.Ne3 Nxb3 12.axb3 Bc5 13.c4 O-O 14.O-O Nh5 15.Kh1 f5
16.g4 fxg4 17.fxg4 Rxf1+ 18.Nxf1 Qh4 19.Ne3 Bxe3 {#R} 0-1

[Event "Tournament (a)"]
[Site "masterchessopen.com Erba (Italy)"]
[Date "2007.02.25"]
[Round "4"]
[White "Bonarrigo Marco (ITA)"]
[Black "Coppola Guido (ITA)"]
[Result "0-1"]
[WhiteElo "2011"]
[BlackElo "2065"]

1.e4 c5 2.Nf3 d6 3.d4 cxd4 4.Nxd4 Nf6 5.f3 e5 6.Bb5+ Bd7 7.Bxd7+ Qxd7 8.Nf5 d5
9.Bg5 dxe4 10.Bxf6 Qxd1+ 11.Kxd1 gxf6 12.fxe4 Nc6 13.c3 O-O-O+ 14.Ke2 Rg8
15.g3 Ne7 16.Rf1 Nxf5 17.Rxf5 Rg6 18.Nd2 Kd7 19.Nc4 Ke6 20.Rh5 Rh6 21.Rxh6
Bxh6 22.Rd1 Rxd1 23.Kxd1 f5 24.exf5+ Kd5 25.b3 b5 26.Nd2 Bxd2 27.Kxd2 Ke4
28.Ke2 Kxf5 29.Kf3 Ke6 30.g4 h6 31.Ke4 f6 32.Ke3 Kd5 33.Kd3 a6 34.Ke3 a5
35.Kd3 Kc5 36.Ke4 Kd6 37.Ke3 Kd5 38.Kd3 Kc5 39.Ke4 Kd6 40.Kf5 Kd5 41.h4 e4
42.Kxf6 e3 43.g5 hxg5 44.hxg5 e2 45.g6 e1=Q {#R} 0-1

[Event "Ch Poland (juniors) (under 12)"]
[Site "masterchessopen.com Ustron (Poland)"]
[Date "2007.03.07"]
[Round "7"]
[White "Smolka Marcin (POL)"]
[Black "Lewtak Damian (POL)"]
[Result "0-1"]
[WhiteElo "1837"]
[BlackElo "1795"]

1.e4 c5 2.Nf3 d6 3.d4 cxd4 4.Nxd4 Nf6 5.f3 e5 6.Bb5+ Bd7 7.Bxd7+ Nbxd7 8.Nf5
Nb6 9.Bg5 g6 10.Ne3 h6 11.Bh4 Be7 12.Nc3 a6 13.Qd3 Rc8 14.Rd1 Rc6 15.O-O Nfd7
16.Bxe7 Qxe7 17.Ned5 Nxd5 18.Nxd5 Qd8 19.Nb4 Qb6+ 20.Kh1 Qxb4 21.f4 exf4
22.Rxf4 Ne5 23.Qh3 h5 24.Rdf1 Qc4 {#R} 0-1

[Event "It (open)"]
[Site "masterchessopen.com Montebelluna (Italy)"]
[Date "2007.03.10"]
[Round "3"]
[White "Dvirnyy Daniyyl (ITA)"]
[Black "Rombaldoni Axel (ITA)"]
[Result "1-0"]
[WhiteElo "2333"]
[BlackElo "2399"]

1.e4 c5 2.Nf3 d6 3.d4 cxd4 4.Nxd4 Nf6 5.f3 e5 6.Bb5+ Bd7 7.Bxd7+ Qxd7 8.Nb3 d5
9.Bg5 dxe4 10.Bxf6 Qxd1+ 11.Kxd1 gxf6 12.fxe4 Nc6 13.Nc3 O-O-O+ 14.Ke2 Rg8
15.g3 Rg4 16.Rad1 Nd4+ 17.Nxd4 exd4 18.Kf3 Rg5 19.Ne2 Rb5 20.b3 f5 21.Rxd4
fxe4+ 22.Rxe4 f5 23.Re6 Rbd5 24.Nf4 Rd2 25.Re2 Rxe2 26.Kxe2 Re8+ 27.Kf3 Kd7
28.Rd1+ Kc6 29.Rd5 Bc5 30.Rxf5 Re3+ 31.Kg4 Rc3 32.Nd3 Bd6 33.Rf2 Kd7 34.Kf5 a5
35.a4 Ba3 36.Ke5 Ke7 37.Kd4 Rc8 38.Re2+ Kf6 39.Rf2+ Ke7 40.c4 b6 41.Ke4 Re8
42.Rf5 Kd6+ 43.Kd4 Re2 44.Rf6+ Ke7 45.Rh6 {#r} 1-0

[Event "Ch World (schools) (under 13) (g)"]
[Site "masterchessopen.com Halkidiki (Greece)"]
[Date "2007.05.01"]
[Round "5"]
[White "Vatkali Dimitra (GRE)"]
[Black "Papathanasiou Ageliki (GRE)"]
[Result "1-0"]
[WhiteElo "1783"]
[BlackElo "1590"]

1.e4 c5 2.Nf3 d6 3.d4 cxd4 4.Nxd4 Nf6 5.f3 e5 6.Bb5+ Bd7 7.Bxd7+ Nbxd7 8.Nf5
d5 9.exd5 Nb6 10.Qe2 Qxd5 11.O-O Bc5+ 12.Be3 Bxe3+ 13.Qxe3 g6 14.Nc3 Qd7
15.Qxe5+ Qe6 16.Ng7+ {#r} 1-0

[Event "It (open)"]
[Site "masterchessopen.com Galatzi (Romania)"]
[Date "2007.05.14"]
[Round "8"]
[White "Irodenka Robert-Ovidiu (ROM)"]
[Black "Petkov Vladimir (BUL)"]
[Result "0-1"]
[WhiteElo "2167"]
[BlackElo "2508"]

1.e4 c5 2.Nf3 d6 3.d4 cxd4 4.Nxd4 Nf6 5.f3 e5 6.Bb5+ Nbd7 7.Ne2 a6 8.Bxd7+
Bxd7 9.c4 b5 10.Na3 Rc8 11.cxb5 d5 12.O-O dxe4 13.bxa6 exf3 14.Rxf3 Bc5+
15.Kh1 Ng4 16.b4 Qh4 17.h3 Bc6 18.Bg5 Nf2+ 19.Kh2 Qxg5 20.Qb3 Bxf3 21.gxf3 Qe3
22.Qa4+ Ke7 23.Ng3 Qf4 24.Qc2 Rhd8 25.Nc4 Ba7 26.Rc1 Nd3 27.Kg2 Rxc4 28.Qxc4
Ne1+ 29.Rxe1 Qxc4 30.Rxe5+ Kf6 {#R} 0-1

[Event "Universiada"]
[Site "masterchessopen.com Evpatoria (Ukraine)"]
[Date "2007.06.07"]
[Round "1"]
[White "Sitnikov Anton (UKR)"]
[Black "Areshchenko Alexander (UKR)"]
[Result "0-1"]
[WhiteElo "2450"]
[BlackElo "2638"]

{ Sitnikov Anton (UKR) +3 =0 -1 } 1.e4 c5 2.Nf3 d6 3.d4 cxd4 4.Nxd4 Nf6 5.f3
e5 6.Bb5+ Nbd7 7.Nf5 d5 8.exd5 a6 9.Ba4 b5 10.Bb3 Nb6 11.Ne3 ( 11.Qd3 Qd7
12.Ne3 Bc5 13.Nc3 O-O 14.Ne4 Nxe4 15.fxe4 Bb7 16.Nf5 Kh8 17.Be3 Bxe3 18.Qxe3
Nc4 19.Bxc4 bxc4 20.O-O g6 21.Qh6 f6 22.Ne3 Qc7 23.Rf3 Rf7 24.Raf1 Raf8 25.Rg3
Rg8 26.Kh1 Bc8 27.Qh4 Kg7 28.Rgf3 Rgf8 29.Qe1 Bd7 30.Qb4 Rc8 { ...1-0,
Westerinen Heikki M J 2410 - Moskow Eric 2238 , Gausdal 15. 4.2005 It (cat.2)
(a) } ) 11...Bc5 12.Nc3 O-O ( 12...Bb7 13.Qd3 O-O 14.Ne4 Rc8 15.Nxc5 Rxc5
16.Bd2 Nbxd5 17.O-O-O Qc7 18.Nxd5 Nxd5 19.Kb1 a5 20.a3 a4 21.Ba2 Rc8 22.Rhe1
h6 23.Ka1 Kh8 24.g4 Nf6 25.Bc3 Rxc3 26.bxc3 e4 27.fxe4 Nxg4 28.Rg1 Ne5 29.Qd4
f6 30.Rg3 Re8 31.Rdg1 Re7 32.Qb4 { ...0-1, Sitnikov Anton 2462 - Belov
Vladimir 2608 , Moscow 6. 2.2006 It (open) } ) ( 12...b4 { -0.04 CAP } )
13.Qd3 { ?/= } ( 13.O-O Bf5 14.Kh1 Bg6 15.Re1 Re8 16.a4 b4 { +0.68 CAP } )
13...b4 ( 13...Bb7 14.Ne4 Rc8 15.Nxc5 Rxc5 16.Bd2 Nbxd5 17.O-O-O Qc7 18.Nxd5
Nxd5 19.Kb1 a5 20.a3 a4 21.Ba2 Rc8 22.Rhe1 h6 23.Ka1 Kh8 24.g4 Nf6 25.Bc3 Rxc3
26.bxc3 e4 27.fxe4 Nxg4 28.Rg1 Ne5 29.Qd4 f6 30.Rg3 Re8 31.Rdg1 Re7 32.Qb4 Kh7
33.Qxb5 { ...0-1, Sitnikov Anton 2462 - Belov Vladimir 2608 , Moscow 6. 2.2006
It (open) } ) 14.Na4 Nxa4 15.Bxa4 Bb7 { -0.64 CAP N } ( 15...Bd7 16.Bxd7 Qxd7
17.Bd2 e4 18.fxe4 Rfe8 19.e5 Rxe5 20.O-O-O Rae8 21.Nc4 Rxd5 22.Qf3 Ne4 23.Rhe1
Qe6 24.Qb3 { 1/2-1/2, Borgo Giulio 2408 - Fercec Nenad 2512 , Trieste 4.
9.2005 It (open) } ) 16.Bd2 Qc7 17.O-O-O Rfd8 18.Qf5 Bd4 19.Rhe1 a5 20.Kb1
Bxd5 21.Nxd5 Nxd5 22.Bb3 Nb6 { ?! } ( 22...g6 { !? } 23.Qg5 Qc5 24.Qg4 Rd6
25.Bxd5 { } ) 23.c3 bxc3 24.bxc3 a4 25.Qxf7+ Qxf7 26.Bxf7+ Kxf7 27.cxd4 Rab8
28.Ka1 Nc4 29.Bc1 Rxd4 30.Rxd4 exd4 31.Re4 Rd8 32.Kb1 a3 33.h4 Rd5 34.Ka1 Nd6
35.Rf4+ Ke6 36.Kb1 Nc4 37.Kc2 { ?! } ( 37.Re4+ { !? } 37...Kf7 38.Rf4+ Kg8
39.h5 g6 40.hxg6 hxg6 41.Re4 Kf7 42.Rf4+ Ke6 43.Re4+ Kd6 { } ) 37...d3+ 38.Kd1
Rc5 39.Re4+ Kd5 40.Bf4 Rb5 41.Kc1 Rb2 { } {#R} 0-1

[Event "It (open)"]
[Site "masterchessopen.com Lodi (Italy)"]
[Date "2007.06.09"]
[Round "3"]
[White "Contin Daniel (ITA)"]
[Black "Bonade Massimo (ITA)"]
[Result "1-0"]
[WhiteElo "2318"]
[BlackElo "2168"]

1.e4 c5 2.Nf3 d6 3.d4 cxd4 4.Nxd4 Nf6 5.f3 e5 6.Bb5+ Nbd7 7.Nf5 d5 8.exd5 a6
9.Be2 Nb6 10.Ne3 Nbxd5 11.c4 Nf4 12.Qxd8+ Kxd8 13.Bf1 Bb4+ 14.Bd2 Bxd2+
15.Nxd2 Kc7 16.g3 Ne6 17.c5 Nd4 18.Kf2 Bd7 19.Bc4 Rhf8 20.Nd5+ Nxd5 21.Bxd5
Bc6 22.Bxc6 Kxc6 23.Rac1 Rae8 24.Rhe1 Re6 25.b4 Rfe8 26.Ne4 R8e7 27.Rc4 h6
28.a4 Kc7 29.Nd6 g6 30.Nxf7 Nxf3 31.Kxf3 Rxf7+ 32.Ke4 Kc6 33.b5+ axb5 34.axb5+
Kxb5 35.Kd5 Re8 36.Rb1+ Ka5 37.c6 bxc6+ 38.Kc5 {#r} 1-0

[Event "Ch Germany (juniors) (Internet) (under 18) (qual3)"]
[Site "masterchessopen.com Internet"]
[Date "2007.06.10"]
[Round "3"]
[White "Heimann Andreas (GER)"]
[Black "Dinger Florian (GER)"]
[Result "1-0"]
[WhiteElo "2350"]
[BlackElo "2378"]

1.e4 c5 2.Nf3 d6 3.d4 cxd4 4.Nxd4 Nf6 5.f3 e5 6.Bb5+ Nbd7 7.Nf5 a6 8.Bxd7+
Qxd7 9.Bg5 d5 10.Bxf6 gxf6 11.Nc3 Bb4 12.O-O Bxc3 13.bxc3 Qc6 14.Ne3 Qc5
15.Qd2 Be6 16.Kh1 O-O-O 17.Qf2 d4 18.cxd4 Rxd4 19.c4 Rhd8 20.Nd5 Bxd5 21.cxd5
Kb8 22.Rac1 Qa5 23.Rc2 Rc8 24.Rxc8+ Kxc8 25.Rc1+ Kb8 26.Qc2 Rd2 27.Qc8+ Ka7
28.h3 Qxa2 29.Qc5+ Ka8 30.Qf8+ Ka7 31.Qc5+ Ka8 32.Qb6 Rc2 33.Rb1 {#r} 1-0

[Event "Ch India (b)"]
[Site "masterchessopen.com Dindigul (India)"]
[Date "2007.06.13"]
[Round "4"]
[White "Sai Srinivas (IND)"]
[Black "Padmini Rout (IND)"]
[Result "0-1"]
[WhiteElo "2302"]
[BlackElo "2226"]

1.e4 c5 2.Nf3 d6 3.d4 cxd4 4.Nxd4 Nf6 5.f3 e5 6.Bb5+ Nbd7 7.Nf5 d5 8.exd5 a6
9.Bxd7+ Qxd7 10.Ne3 b5 11.Nc3 Bb7 12.a3 Rc8 13.Qd3 Bc5 14.Ne4 Nxd5 15.Nxc5
Rxc5 16.O-O Nxe3 17.Qxe3 Rd5 18.a4 O-O 19.axb5 axb5 20.Qe2 Re8 21.Be3 h6
22.Rfd1 e4 23.f4 Rd8 24.Rxd5 Qxd5 25.Kf2 Bc6 26.Ke1 Qe6 27.Rd1 Ra8 28.Bd4 e3
29.Be5 f6 30.Bd4 Qe4 31.Bxe3 Re8 32.Kd2 b4 33.Qf2 b3 34.cxb3 Qb4+ 35.Ke2 Bb5+
36.Kf3 Qe4+ 37.Kg3 Qxe3+ 38.Qxe3 Rxe3+ 39.Kf2 Rxb3 40.Rd2 f5 41.h3 Bc6 {#R}
0-1

[Event "It (open)"]
[Site "masterchessopen.com Voronezh (Russia)"]
[Date "2007.06.14"]
[Round "3"]
[White "Bryzgalin Kirill (RUS)"]
[Black "Khismatullin Denis (RUS)"]
[Result "1-0"]
[WhiteElo "2512"]
[BlackElo "2560"]

{ Bryzgalin Kirill (RUS) +1 =1 -0 Khismatullin Denis (RUS) +0 =0 -1 } 1.e4 c5
2.Nf3 d6 3.d4 cxd4 4.Nxd4 Nf6 5.f3 e5 6.Bb5+ Nbd7 ( 6...Bd7 7.Bxd7+ Nbxd7
8.Nf5 Nb6 9.c4 g6 10.Ne3 Bh6 11.Nc3 O-O 12.b3 a6 13.O-O Kg7 14.Qe1 Nbd7 15.Ba3
Qb6 16.Bc1 Qd4 17.Kh1 Rfd8 18.Bd2 Qc5 19.Nf5+ gxf5 20.Qg3+ Kh8 21.Bxh6 Rg8
22.Qh3 f4 23.Rad1 Rg6 24.Nd5 Nxd5 25.cxd5 Qc8 26.Rc1 { ...1-0, Kurenkov
Nikolai 2165 - Khismatullin Denis 2576 , St. Petersburg 1998 Ch Russia
(juniors) (under 14) } ) 7.Nf5 d5 8.exd5 a6 9.Ba4 ( 9.Bxd7+ Qxd7 10.Ne3 b5
11.a4 Bb7 12.axb5 axb5 13.Rxa8+ Bxa8 14.O-O Bc5 15.Kh1 O-O 16.Nc3 Bxe3 17.Bxe3
b4 18.Ne4 Nxd5 19.c4 bxc3 20.Nxc3 Qe6 21.Nxd5 Bxd5 22.Qd2 e4 23.fxe4 Qxe4
24.h3 Re8 25.Bf4 h6 26.Kh2 Re6 27.Rf2 Rf6 { 1/2-1/2, Bryzgalin Kirill 2421 -
Andreev Eduard 2471 , Krasnodar 2002 It (cat.9) } ) 9...b5 10.Bb3 { ?/= }
10...Nc5 ( 10...Nb6 11.Ne3 Bc5 12.Nc3 Bb7 13.Qd3 O-O 14.Ne4 Rc8 15.Nxc5 Rxc5
16.Bd2 Nbxd5 17.O-O-O Qc7 18.Nxd5 Nxd5 19.Kb1 a5 20.a3 a4 21.Ba2 Rc8 22.Rhe1
h6 23.Ka1 Kh8 24.g4 Nf6 25.Bc3 Rxc3 26.bxc3 e4 27.fxe4 Nxg4 28.Rg1 Ne5 29.Qd4
f6 30.Rg3 { ...0-1, Sitnikov Anton 2462 - Belov Vladimir 2608 , Moscow 6.
2.2006 It (open) } ) 11.Ne3 Nxb3 ( 11...Bb7 12.c4 Nxb3 13.Qxb3 Qc7 14.Nc3 bxc4
15.Qxc4 Qd7 16.O-O Rc8 17.Qd3 Bc5 18.Kh1 O-O 19.Nc4 Bd4 20.Re1 Qc7 21.Ne3 Rfd8
22.Ne4 Qb6 23.Nxf6+ Qxf6 24.Bd2 Bxd5 25.Nxd5 Rxd5 26.Rac1 Rcd8 27.Bc3 Bf2
28.Qe2 Bxe1 29.Rxe1 h6 30.h3 Qg6 31.Bxe5 { ...0-1, Foguelman Alberto 2310 -
Cruz Raul, Buenos Aires 1962 Ch Argentina } ) 12.axb3 Bc5 13.c4 ( 13.Nc3 Nh5 (
13...Bb7 14.Qd3 O-O 15.Ne4 Nxe4 16.fxe4 { +0.22 CAP } ) 14.Ne4 Ba7 15.d6 O-O
16.Qd5 Rb8 17.d7 Bb7 18.Qxe5 g6 19.Ng4 f6 20.Qe6+ Kh8 21.Bh6 Bxe4 22.fxe4 Rb6
23.Qd5 Rg8 24.O-O-O Bb8 25.g3 Rd6 26.Qf7 f5 27.Rxd6 Bxd6 28.exf5 Qa5 29.Kb1
gxf5 30.Qxf5 b4 31.Qxa5 { 1-0, Leventic Ivan 2488 - Ascic Pero 2387 , Sibenik
1.10.2006 Ch Croatia (team) } ) 13...Nh5 14.g3 { -0.60 CAP } ( 14.Kf1 O-O
15.Nc3 f5 16.b4 Bxb4 17.cxb5 a5 18.Nc2 Bd6 19.Be3 Bb7 20.Qd2 Qh4 21.Kg1 Nf4
22.Rd1 Rac8 23.Qe1 Qg5 24.Rd2 Rc4 25.Kf1 Qh5 26.Bb6 a4 27.Ne3 Rcc8 28.Nxa4 e4
29.Qd1 Qe8 30.Bd4 Qxb5+ 31.Kg1 exf3 32.gxf3 Qe8 33.Kf2 Nh3+ { ...0-1,
Rodriguez Andres 2533 - Delgado Neuris 2554 , Osasco 2. 7.2004 Memorial Franca
Garcia (cat.9) } ) 14...Bh3 { N } ( 14...O-O 15.Nc3 f5 16.Nc2 ( 16.Nf1 f4
17.Ne4 Bd4 18.Qe2 a5 19.Ra2 Ba6 20.Bd2 bxc4 21.bxc4 Nf6 22.Bxa5 Bxc4 23.Qxc4
Rxa5 24.d6+ Kh8 25.Nfd2 Rxa2 26.Qxa2 Qc8 27.Qc4 Nxe4 28.Qxc8 Rxc8 29.d7 Rd8
30.Nxe4 Rxd7 31.Ke2 fxg3 32.hxg3 Rb7 33.Rd1 Rxb2+ 34.Kf1 { ...0-1, Lo Kin Mun
Dominic 2048 - Nguyen Huynh Minh H 2395 , Phu Quoc 12. 1.2007 Zt } ) 16...Bb6
17.Be3 Bxe3 18.Nxe3 f4 19.Nf1 Bh3 20.g4 Qh4+ 21.Ke2 Nf6 22.Qe1 Qh6 23.Nd2 e4
24.Ncxe4 Rae8 25.Rxa6 Bg2 26.Kd3 Bxh1 27.Rxf6 gxf6 28.Qxh1 Qg7 29.Qa1 f5
30.gxf5 Rxf5 31.Nd6 Re3+ 32.Kc2 Rf8 33.N6e4 Qg6 34.Qf1 { ...1-0, Yandemirov
Valeri 2503 - Shneider Aleksandr 2529 , Cappelle la Grande 23. 2.2006 It
(open) } ) ( 14...b4 15.Nf1 O-O 16.Be3 Bxe3 17.Nxe3 f5 18.Nd2 f4 19.Nef1 Bf5
20.Qe2 Nf6 21.Ne4 Nxe4 22.fxe4 Bh3 23.Nd2 Qg5 24.gxf4 Qxf4 25.Rg1 Qh4+ 26.Rg3
Rf4 27.O-O-O Bg4 28.Rxg4 Rxg4 29.c5 Kh8 30.d6 Rg6 31.Nc4 Rc8 32.d7 Rd8 33.Na5
Qh3 34.Qd3 { ...1-0, Yandemirov Valeri 2518 - Kurenkov Nikolai 2438 ,
St.Petersburg 21.10.2005 Memorial M.Chigorin (open) } ) 15.Nc3 f5 16.d6 Nf6
17.Ned5 Bxd6 18.Be3 O-O 19.Bb6 Qe8 20.c5 Be7 21.Nc7 Qc6 22.N3d5 Rae8 23.Nb4
Qb7 24.Nxe8 Rxe8 25.Rxa6 e4 { ?! } ( 25...Qc8 { !? } 26.Qc2 e4 27.f4 e3 28.Ra7
Bf8 29.Nd3 Qc6 30.Rg1 Nd5 { } ) 26.Ra7 Qc8 27.Nd5 Qe6 28.Rxe7 Rxe7 29.Nxe7+
Kf7 30.f4 e3 31.Qd3 Qxe7 32.c6 Qe6 33.Bxe3 { ?! } ( 33.Qc2 { !? } 33...Nd5
34.Ba5 Ne7 35.c7 Qa6 36.b4 Qe6 37.Rg1 Bg4 38.h3 Bf3 39.Qd3 { } ) 33...Qxc6
34.Rg1 h6 { ?! } ( 34...Ne4 { !? } 35.b4 Kg6 36.Ke2 Bg4+ 37.Kf1 Qa6 38.Qc2 Qb7
39.Qb3 Qc6 40.Rg2 Bh3 { } ) 35.Bd4 Nd5 36.Kd2 Qd6 37.Re1 Qb4+ 38.Bc3 Qxb3
39.Re5 Ne7 40.Qd4 { } {#r} 1-0